000 00406nam a2200181Ia 4500
001 3308
005 20260306145634.0
008 260306t1964||||xx |||||||||||||| ||spa||
041 _aESP
082 _a269
_bM26
100 _aMarquina, Eduardo
_eAUT
245 0 _aTeresa de Jesús
260 _c1964
300 _a149 páginas :
_c17 cm.
650 _aGEN
654 _aCHU
942 _cLIB
_dJUS
_fJUS
_2ddc
_n
999 _c3308
_d3308